Rainwater harvesting for drylands and beyond / (Record no. 19286)
[ view plain ]
| 000 -LEADER | |
|---|---|
| fixed length control field | 00614cam a2200217 i 4500 |
| 020 ## - INTERNATIONAL STANDARD BOOK NUMBER | |
| ISBN | 9780977246458 |
| 040 ## - CATALOGING SOURCE | |
| Transcribing agency | DLC |
| 082 04 - DEWEY DECIMAL CLASSIFICATION NUMBER | |
| Classification number | 628 LAN 2008 C162 Or. |
| 100 1# - MAIN ENTRY--AUTHOR NAME | |
| Personal name | Lancaster, Brad, |
| 245 10 - TITLE STATEMENT | |
| Title | Rainwater harvesting for drylands and beyond / |
| 250 ## - EDITION STATEMENT | |
| Edition statement | Third edition, revised and expanded in color. |
| 300 ## - PHYSICAL DESCRIPTION | |
| Number of Pages | xvi, 271 pages : |
| Other physical details | illustrations (some color) ; |
| Dimensions | 28 cm |
| 650 #0 - SUBJECT ADDED ENTRY--TOPICAL TERM | |
| Topical Term | Water harvesting. |
| 650 #0 - SUBJECT ADDED ENTRY--TOPICAL TERM | |
| Topical Term | Landscape design. |
| 650 #0 - SUBJECT ADDED ENTRY--TOPICAL TERM | |
| Topical Term | Rainwater. |
| 650 #0 - SUBJECT ADDED ENTRY--TOPICAL TERM | |
| Topical Term | Ecology. |
| 650 #0 - SUBJECT ADDED ENTRY--TOPICAL TERM | |
| Topical Term | Solar energy |
| 650 #0 - SUBJECT ADDED ENTRY--TOPICAL TERM | |
| Topical Term | Permaculture. |
| 650 #0 - SUBJECT ADDED ENTRY--TOPICAL TERM | |
| Topical Term | Sustainable development. |
| 942 ## - ADDED ENTRY ELEMENTS (KOHA) | |
| Koha item type | ADB |
| 952 ## - LOCATION AND ITEM INFORMATION (KOHA) | |
| Withdrawn status [LOCAL, KOHA] | 0 |
| Source of acquisition | Permanent Location | Date acquired | Koha item type | Lost status | Shelving location | Current Location | Full call number |
|---|---|---|---|---|---|---|---|
| A34150 | Library Block C | 2020-09-07 | សៀវភៅភាសាអង់គ្លេស | C162 | Library Block C | 628 LAN 2008 C162 Or. |